<?xml version="1.0" encoding="UTF-8"?>
<record
    xmlns:xsi="http://www.w3.org/2001/XMLSchema-instance"
    xsi:schemaLocation="http://www.loc.gov/MARC21/slim http://www.loc.gov/standards/marcxml/schema/MARC21slim.xsd"
    xmlns="http://www.loc.gov/MARC21/slim">

  <leader>01295nam a2200217Ia 4500</leader>
  <controlfield tag="003">Ost</controlfield>
  <controlfield tag="005">20260507075327.0</controlfield>
  <controlfield tag="008">260507s9999||||xx |||||||||||||| ||und||</controlfield>
  <datafield tag="020" ind1=" " ind2=" ">
    <subfield code="a">62343899579</subfield>
  </datafield>
  <datafield tag="040" ind1=" " ind2=" ">
    <subfield code="c">fsecg</subfield>
  </datafield>
  <datafield tag="041" ind1=" " ind2=" ">
    <subfield code="a">ara</subfield>
  </datafield>
  <datafield tag="082" ind1=" " ind2=" ">
    <subfield code="a">330</subfield>
  </datafield>
  <datafield tag="100" ind1=" " ind2=" ">
    <subfield code="a">&#x642;&#x62F;&#x64A;&#x60C; &#x639;&#x628;&#x62F; &#x627;&#x644;&#x645;&#x62C;&#x64A;&#x62F;</subfield>
    <subfield code="e">&#x645;&#x624;&#x644;&#x641;</subfield>
    <subfield code="9">12</subfield>
  </datafield>
  <datafield tag="245" ind1=" " ind2="0">
    <subfield code="a">&#x62F;&#x631;&#x627;&#x633;&#x627;&#x62A; &#x641;&#x64A; &#x639;&#x644;&#x645; &#x627;&#x644;&#x636;&#x631;&#x627;&#x626;&#x628; /</subfield>
    <subfield code="c"> &#x639;&#x628;&#x62F; &#x627;&#x644;&#x645;&#x62C;&#x64A;&#x62F; &#x642;&#x62F;&#x64A;</subfield>
  </datafield>
  <datafield tag="260" ind1=" " ind2=" ">
    <subfield code="a">&#x639;&#x645;&#x627;&#x646;: </subfield>
    <subfield code="b">&#x62F;&#x627;&#x631; &#x62C;&#x631;&#x64A;&#x631;, </subfield>
    <subfield code="c">2011</subfield>
  </datafield>
  <datafield tag="300" ind1=" " ind2=" ">
    <subfield code="a">304  &#x635;&#x641;&#x62D;&#x629;&#x61B; </subfield>
    <subfield code="b">&#x625;&#x64A;&#x636;&#x627;&#x62D;&#x627;&#x62A; &#x61B;</subfield>
    <subfield code="c">25 &#x633;&#x645;</subfield>
  </datafield>
  <datafield tag="504" ind1=" " ind2=" ">
    <subfield code="a">&#x641;&#x647;&#x631;&#x633; &#x627;&#x644;&#x62C;&#x62F;&#x627;&#x648;&#x644; &#x635;.13 &#x61B; &#x641;&#x647;&#x631;&#x633; &#x627;&#x644;&#x627;&#x634;&#x643;&#x627;&#x644; &#x635;.15</subfield>
  </datafield>
  <datafield tag="520" ind1=" " ind2=" ">
    <subfield code="a">&#x627;&#x644;&#x636;&#x631;&#x64A;&#x628;&#x629; &#x648; &#x645;&#x628;&#x627;&#x62F;&#x626;&#x647;&#x627; &#x60C; &#x627;&#x644;&#x62A;&#x646;&#x638;&#x64A;&#x645; &#x627;&#x644;&#x641;&#x646;&#x64A; &#x644;&#x644;&#x636;&#x631;&#x64A;&#x628;&#x629; &#x60C; &#x627;&#x644;&#x646;&#x638;&#x627;&#x645; &#x627;&#x644;&#x636;&#x631;&#x64A;&#x628;&#x64A;&#x60C; &#x627;&#x644;&#x633;&#x64A;&#x627;&#x633;&#x629; &#x627;&#x644;&#x636;&#x631;&#x64A;&#x628;&#x64A;&#x629; &#x648; &#x623;&#x628;&#x639;&#x627;&#x62F;&#x647;&#x627; &#x60C; &#x627;&#x644;&#x636;&#x631;&#x64A;&#x628;&#x629; ( &#x627;&#x644;&#x631;&#x633;&#x645; ) &#x639;&#x644;&#x649;&#x627;&#x644;&#x642;&#x64A;&#x645;&#x629; &#x627;&#x644;&#x645;&#x636;&#x627;&#x641;&#x629; &#x60C; &#x627;&#x644;&#x636;&#x631;&#x627;&#x626;&#x628; &#x627;&#x644;&#x645;&#x62D;&#x644;&#x64A;&#x629; &#x648; &#x627;&#x62A;&#x62C;&#x627;&#x647;&#x627;&#x62A;&#x647;&#x627; &#x60C;&#x627;&#x644;&#x636;&#x631;&#x627;&#x626;&#x645; &#x648; &#x627;&#x644;&#x631;&#x633;&#x648;&#x645; &#x627;&#x644;&#x628;&#x64A;&#x626;&#x64A;&#x629; &#x60C; &#x627;&#x644;&#x636;&#x631;&#x627;&#x626;&#x628; &#x639;&#x644;&#x649; &#x627;&#x644;&#x62A;&#x62C;&#x627;&#x631;&#x629; &#x627;&#x644;&#x62F;&#x648;&#x644;&#x64A;&#x629; &#x60C; &#x627;&#x644;&#x645;&#x646;&#x627;&#x641;&#x633;&#x629; &#x627;&#x644;&#x636;&#x631;&#x64A;&#x628;&#x64A;&#x629; &#x648; &#x627;&#x644;&#x62A;&#x646;&#x633;&#x64A;&#x642; &#x627;&#x644;&#x636;&#x631;&#x64A;&#x628;&#x64A; &#x60C; &#x645;&#x638;&#x627;&#x647;&#x631; &#x648; &#x645;&#x643;&#x627;&#x641;&#x62D;&#x629; &#x627;&#x644;&#x63A;&#x634; &#x627;&#x644;&#x636;&#x631;&#x64A;&#x628;&#x64A; &#x60C; &#x627;&#x644;&#x639;&#x641;&#x648; &#x627;&#x644;&#x636;&#x631;&#x64A;&#x628;&#x64A; &#x60C; &#x627;&#x644;&#x627;&#x635;&#x644;&#x627;&#x62D; &#x627;&#x644;&#x636;&#x631;&#x64A;&#x628;&#x64A; &#x648; &#x627;&#x62A;&#x62C;&#x627;&#x647;&#x627;&#x62A;&#x647; &#x60C; &#x627;&#x644;&#x633;&#x644;&#x637;&#x629; &#x648; &#x627;&#x644;&#x627;&#x62F;&#x627;&#x631;&#x629; &#x627;&#x644;&#x636;&#x631;&#x64A;&#x628;&#x64A;&#x629;</subfield>
  </datafield>
  <datafield tag="653" ind1=" " ind2=" ">
    <subfield code="a">&#x627;&#x644;&#x636;&#x631;&#x627;&#x626;&#x628;</subfield>
  </datafield>
  <datafield tag="942" ind1=" " ind2=" ">
    <subfield code="c">&#x643;&#x62A;&#x627;&#x628;</subfield>
  </datafield>
  <datafield tag="952" ind1=" " ind2=" ">
    <subfield code="0">0</subfield>
    <subfield code="1">0</subfield>
    <subfield code="2">ddc</subfield>
    <subfield code="4">0</subfield>
    <subfield code="7">-1</subfield>
    <subfield code="a">fsecg</subfield>
    <subfield code="b">fsecg</subfield>
    <subfield code="d">2026-05-07</subfield>
    <subfield code="h">&#x627;&#x644;&#x637;&#x627;&#x628;&#x642; &#x627;&#x644;&#x623;&#x631;&#x636;&#x64A;</subfield>
    <subfield code="i">20944</subfield>
    <subfield code="l">0</subfield>
    <subfield code="o">&#x623;/4003&#x646;1</subfield>
    <subfield code="p">20944</subfield>
    <subfield code="r">2026-05-07 07:53:27</subfield>
    <subfield code="w">2026-05-07</subfield>
    <subfield code="y">&#x643;&#x62A;&#x627;&#x628;</subfield>
  </datafield>
  <datafield tag="952" ind1=" " ind2=" ">
    <subfield code="0">0</subfield>
    <subfield code="1">0</subfield>
    <subfield code="2">ddc</subfield>
    <subfield code="4">0</subfield>
    <subfield code="7">0</subfield>
    <subfield code="a">fsecg</subfield>
    <subfield code="b">fsecg</subfield>
    <subfield code="d">2026-05-07</subfield>
    <subfield code="h">&#x627;&#x644;&#x637;&#x627;&#x628;&#x642; &#x627;&#x644;&#x623;&#x631;&#x636;&#x64A;</subfield>
    <subfield code="i">20945</subfield>
    <subfield code="l">0</subfield>
    <subfield code="o">&#x623;/4003&#x646;2</subfield>
    <subfield code="p">20945</subfield>
    <subfield code="r">2026-05-07 07:53:27</subfield>
    <subfield code="w">2026-05-07</subfield>
    <subfield code="y">&#x643;&#x62A;&#x627;&#x628;</subfield>
  </datafield>
  <datafield tag="952" ind1=" " ind2=" ">
    <subfield code="0">0</subfield>
    <subfield code="1">0</subfield>
    <subfield code="2">ddc</subfield>
    <subfield code="4">0</subfield>
    <subfield code="7">0</subfield>
    <subfield code="a">fsecg</subfield>
    <subfield code="b">fsecg</subfield>
    <subfield code="d">2026-05-07</subfield>
    <subfield code="h">&#x627;&#x644;&#x637;&#x627;&#x628;&#x642; &#x627;&#x644;&#x623;&#x631;&#x636;&#x64A;</subfield>
    <subfield code="i">20946</subfield>
    <subfield code="l">0</subfield>
    <subfield code="o">&#x623;/4003&#x646;3</subfield>
    <subfield code="p">20946</subfield>
    <subfield code="r">2026-05-07 07:53:27</subfield>
    <subfield code="w">2026-05-07</subfield>
    <subfield code="y">&#x643;&#x62A;&#x627;&#x628;</subfield>
  </datafield>
  <datafield tag="952" ind1=" " ind2=" ">
    <subfield code="0">0</subfield>
    <subfield code="1">0</subfield>
    <subfield code="2">ddc</subfield>
    <subfield code="4">0</subfield>
    <subfield code="7">0</subfield>
    <subfield code="a">fsecg</subfield>
    <subfield code="b">fsecg</subfield>
    <subfield code="d">2026-05-07</subfield>
    <subfield code="h">&#x627;&#x644;&#x637;&#x627;&#x628;&#x642; &#x627;&#x644;&#x623;&#x631;&#x636;&#x64A;</subfield>
    <subfield code="i">20947</subfield>
    <subfield code="l">0</subfield>
    <subfield code="o">&#x623;/4003&#x646;4</subfield>
    <subfield code="p">20947</subfield>
    <subfield code="r">2026-05-07 07:53:27</subfield>
    <subfield code="w">2026-05-07</subfield>
    <subfield code="y">&#x643;&#x62A;&#x627;&#x628;</subfield>
  </datafield>
  <datafield tag="952" ind1=" " ind2=" ">
    <subfield code="0">0</subfield>
    <subfield code="1">0</subfield>
    <subfield code="2">ddc</subfield>
    <subfield code="4">0</subfield>
    <subfield code="7">0</subfield>
    <subfield code="a">fsecg</subfield>
    <subfield code="b">fsecg</subfield>
    <subfield code="d">2026-05-07</subfield>
    <subfield code="h">&#x627;&#x644;&#x637;&#x627;&#x628;&#x642; &#x627;&#x644;&#x623;&#x631;&#x636;&#x64A;</subfield>
    <subfield code="i">20948</subfield>
    <subfield code="l">0</subfield>
    <subfield code="o">&#x623;/4003&#x646;5</subfield>
    <subfield code="p">20948</subfield>
    <subfield code="r">2026-05-07 07:53:27</subfield>
    <subfield code="w">2026-05-07</subfield>
    <subfield code="y">&#x643;&#x62A;&#x627;&#x628;</subfield>
  </datafield>
  <datafield tag="952" ind1=" " ind2=" ">
    <subfield code="0">0</subfield>
    <subfield code="1">0</subfield>
    <subfield code="2">ddc</subfield>
    <subfield code="4">0</subfield>
    <subfield code="7">0</subfield>
    <subfield code="a">fsecg</subfield>
    <subfield code="b">fsecg</subfield>
    <subfield code="d">2026-05-07</subfield>
    <subfield code="h">&#x627;&#x644;&#x637;&#x627;&#x628;&#x642; &#x627;&#x644;&#x62B;&#x627;&#x646;&#x64A;</subfield>
    <subfield code="i">20949</subfield>
    <subfield code="l">0</subfield>
    <subfield code="o">&#x623;/4003&#x646;6</subfield>
    <subfield code="p">20949</subfield>
    <subfield code="r">2026-05-07 07:53:27</subfield>
    <subfield code="w">2026-05-07</subfield>
    <subfield code="y">&#x643;&#x62A;&#x627;&#x628;</subfield>
  </datafield>
  <datafield tag="952" ind1=" " ind2=" ">
    <subfield code="0">0</subfield>
    <subfield code="1">0</subfield>
    <subfield code="2">ddc</subfield>
    <subfield code="4">0</subfield>
    <subfield code="7">0</subfield>
    <subfield code="a">fsecg</subfield>
    <subfield code="b">fsecg</subfield>
    <subfield code="d">2026-05-07</subfield>
    <subfield code="h">&#x627;&#x644;&#x637;&#x627;&#x628;&#x642; &#x627;&#x644;&#x62B;&#x627;&#x646;&#x64A;</subfield>
    <subfield code="i">20950</subfield>
    <subfield code="l">0</subfield>
    <subfield code="o">&#x623;/4003&#x646;7</subfield>
    <subfield code="p">20950</subfield>
    <subfield code="r">2026-05-07 07:53:27</subfield>
    <subfield code="w">2026-05-07</subfield>
    <subfield code="y">&#x643;&#x62A;&#x627;&#x628;</subfield>
  </datafield>
  <datafield tag="952" ind1=" " ind2=" ">
    <subfield code="0">0</subfield>
    <subfield code="1">0</subfield>
    <subfield code="2">ddc</subfield>
    <subfield code="4">0</subfield>
    <subfield code="7">0</subfield>
    <subfield code="a">fsecg</subfield>
    <subfield code="b">fsecg</subfield>
    <subfield code="d">2026-05-07</subfield>
    <subfield code="h">&#x645;&#x643;&#x62A;&#x628;&#x629; &#x628;&#x646; &#x639;&#x643;&#x646;&#x648;&#x646;</subfield>
    <subfield code="i">20951</subfield>
    <subfield code="l">0</subfield>
    <subfield code="o">&#x623;/4003&#x646;8</subfield>
    <subfield code="p">20951</subfield>
    <subfield code="r">2026-05-07 07:53:27</subfield>
    <subfield code="w">2026-05-07</subfield>
    <subfield code="y">&#x643;&#x62A;&#x627;&#x628;</subfield>
  </datafield>
  <datafield tag="952" ind1=" " ind2=" ">
    <subfield code="0">0</subfield>
    <subfield code="1">0</subfield>
    <subfield code="2">ddc</subfield>
    <subfield code="4">0</subfield>
    <subfield code="7">0</subfield>
    <subfield code="a">fsecg</subfield>
    <subfield code="b">fsecg</subfield>
    <subfield code="d">2026-05-07</subfield>
    <subfield code="h">&#x645;&#x643;&#x62A;&#x628;&#x629; &#x628;&#x646; &#x639;&#x643;&#x646;&#x648;&#x646;</subfield>
    <subfield code="i">20952</subfield>
    <subfield code="l">0</subfield>
    <subfield code="o">&#x623;/4003&#x646;9</subfield>
    <subfield code="p">20952</subfield>
    <subfield code="r">2026-05-07 07:53:27</subfield>
    <subfield code="w">2026-05-07</subfield>
    <subfield code="y">&#x643;&#x62A;&#x627;&#x628;</subfield>
  </datafield>
  <datafield tag="999" ind1=" " ind2=" ">
    <subfield code="c">43971</subfield>
    <subfield code="d">43971</subfield>
  </datafield>
</record>
